Statistics for Presidents of Cuba

Click here to take the quiz!

General Stats

  • This quiz has been taken 5 times
  • The average score is 3 of 17

Answer Stats

HintAnswer% Correct
1956-2008Fidel Castro
100%
2008-2018Raúl Castro
100%
1940-1944Fulgencio Batista
60%
1955-1959Fulgencio Batista
60%
2018-Miguel Díaz-Canel
20%
1921-1925Alfredo Zayas y Alfonso
0%
1948-1952Carlos Prío Socarrás
0%
1936-1940Federico Laredo Brú
0%
1925-1933Gerardo Machado
0%
1909-1913José Miguel Gómez
0%
1959Manuel Urrutia Lleó
0%
1913-1921Mario García Menocal
0%
1936Miguel Mariano Gómez
0%
1959-1976Osvaldo Dorticós Torrado
0%
1933-1934Ramón Grau
0%
1944-1948Ramón Grau
0%
1902-1906Tomás Estrada Palma
0%

Score Distribution

Percentile by Number Answered

Percent of People with Each Score

Your Score History

You have not taken this quiz